000
00328nam a22001457a 4500
008
180809b xxu||||| |||| 00| 0 eng d
020
_a
0815190980
041
_a
eng
080
_a
616.053
082
_a
616.053 WAR
100
_a
7
101
_a
KAR
245
_a
Congenital malformations
_c
WARKANY.J
942
_2
udc
_c
BK
999
_c
46987
_d
46987